Países que incluyen en su nombre “norte” o “sur” - Estadísticas

Estadísticas generales
  • Esta prueba ha sido intentada 67 veces
  • La puntuación promedio es 4 de 5
Estadísticas de respuestas
¿Norte o Sur? País % Correcto
Norte Corea del Norte
98%
Sur Corea del Sur
98%
Sur Sudán del Sur
89%
Norte Macedonia del Norte
80%
Sur Sudáfrica
59%
No se encontraron pruebas coincidentes
Distribución de puntuación
Porcentaje de gente con cada puntuación
Porcentaje por número respondido
Historial de tus puntuaciones
No has intentado esta prueba.